Toán học : tạp chí /

Spremljeno u:
Bibliografski detalji
Autor kompanije: Hội Toán học Việt Nam
Format: Žurnal
Jezik:Vietnamese
Izdano: H.: Hội Toán học Việt Nam, 19?
Oznake: Dodaj oznaku
Bez oznaka, Budi prvi tko označuje ovaj zapis!
Thư viện lưu trữ: Thư viện Trường Đại học Đà Lạt
LEADER 00539nam a2200217 4500
001 DLU040029577
040 # # |a dlu  |b vie 
041 # # |a vie 
245 # # |a Toán học :  |b tạp chí /  |c Hội Toán học Việt Nam 
260 # # |a H.:  |b Hội Toán học Việt Nam,  |c 19? 
300 # # |a v.;27cm. 
310 # # |a hàng tháng 
710 # # |a Hội Toán học Việt Nam 
994 # # |a DLU 
900 # # |a True 
911 # # |a Thái Thị Thanh Thủy 
925 # # |a G 
926 # # |a A 
927 # # |a TT 
980 # # |a Thư viện Trường Đại học Đà Lạt